[Event "Scarborough CC-ch Reserves U1400"]
[Site "Toronto"]
[Date "2012.04.26"]
[Round "6"]
[White "Feng, Richard"]
[Black "Pulogarajah, Kaarthic"]
[Result "1-0"]
[WhiteElo "1022"]
[BlackElo "998"]
[PlyCount "71"]
[EventDate "2012.03.22"]
[EventType "swiss"]
[EventRounds "9"]
[EventCountry "CAN"]
[SourceTitle "EXT 2022"]
[Source "ChessBase"]
[SourceDate "2021.10.06"]
[SourceVersion "1"]
[SourceVersionDate "2021.10.06"]
[SourceQuality "1"]

1. e4 e5 2. Nf3 Nc6 3. Bb5 a6 4. Ba4 b5 5. Bb3 Nf6 6. 0-0 Nxe4 7. d4 exd4 8. Re1 d5 9. Nxd4 Nxd4 10. Qxd4 c6 11. Nc3 Be6 12. Nxe4 dxe4 13. Qxe4 Qd7 14. Bxe6 fxe6 15. Qxe6+ Qxe6 16. Rxe6+ Be7 17. Bg5 Ra7 18. Rae1 Rd7 19. Rxe7+ Rxe7 20. Rxe7+ Kf8 21. Ra7 g6 22. Bh6+ Kg8 23. Ra8+ Kf7 24. Rxh8 c5 25. Ra8 Ke6 26. Rxa6+ Kd5 27. b3 c4 28. Ra5 Kc5 29. c3 cxb3 30. axb3 g5 31. Bxg5 h6 32. Bxh6 Kd5 33. Rxb5+ Ke4 34. f3+ Kd3 35. c4 Kc2 36. c5 1-0

[Event "Scarborough CC Howard Ridout U1800"]
[Site "Toronto"]
[Date "2011.09.29"]
[Round "3"]
[White "Raphael, Raymond"]
[Black "Pulogarajah, Kaarthic"]
[Result "1-0"]
[WhiteElo "1715"]
[BlackElo "998"]
[PlyCount "77"]
[EventDate "2011.09.08"]
[EventType "swiss"]
[EventRounds "6"]
[EventCountry "CAN"]
[SourceTitle "EXT 2022"]
[Source "ChessBase"]
[SourceDate "2021.10.06"]
[SourceVersion "1"]
[SourceVersionDate "2021.10.06"]
[SourceQuality "1"]

1. e4 e5 2. Nf3 Nf6 3. Nc3 Nc6 4. d3 Bb4 5. Bd2 Bxc3 6. Bxc3 d6 7. h3 0-0 8. Be2 h6 9. 0-0 Re8 10. Bd2 d5 11. exd5 Nxd5 12. Re1 e4 13. dxe4 Rxe4 14. Bd3 Rxe1+ 15. Qxe1 a5 16. a3 Be6 17. b3 Qe7 18. c4 Nf6 19. Bc2 Rd8 20. Bc3 Nh5 21. Qe4 f5 22. Qe3 f4 23. Qe4 Nf6 24. Qxf4 Bf7 25. Re1 Qxa3 26. Bxf6 gxf6 27. Qxf6 Nb4 28. Qxd8+ Kg7 29. Qd1 Nxc2 30. Qxc2 Bh5 31. Qc3+ Kh7 32. Qd3+ Bg6 33. Qd7+ Kg8 34. Qd8+ Qf8 35. Qxf8+ Kxf8 36. Nd4 c5 37. Ne6+ Kg8 38. Nxc5 b6 39. Nd7 1-0